Dragon Ball Super: New Characters and Forms Quiz Stats

Quiz not verified by Sporcle

Challenge
Share
Tweet
Score 0/137 Timer 14:00
2 Plays Today
% Correct
Beerus
97.2%
Whis
95.5%
Champa
91.3%
Vados
83.9%
Super Saiyan God
83.3%
Jaco Teirimentenpibosshi
74.1%
Golden Freeza
70.5%
Super Saiyan God Super Saiyan
66.4%
Goku Black
59.9%
Hit
59.8%
Super Saiyan Rosé
54.7%
Zen-Oh
54.1%
Zamasu
54%
Frost
53.8%
Future Zen-Oh
53.4%
Future Mai
53%
Cabba
49.3%
Cloned Vegeta
49%
Monaka
48.5%
Fusion Zamasu
44.8%
Grand Priest
44.3%
Sorbet
44.2%
Ultra Instinct
44%
Kafla
43.8%
Kale
43.4%
Jiren
42.9%
Toppo
42%
Gowasu
38.6%
Super Shenron
37.4%
Brianne de Chateau
37.2%
Tagoma
37.1%
Auta Magetta
35.8%
Caulifla
34.4%
Botamo
33.1%
Oracle Fish
32.5%
Tights
31.7%
Bergamo
29.5%
Basil
29.5%
Dyspo
29.4%
Lavender
28.6%
Galactic King
27.6%
Berserk Super Saiyan
27.3%
Referee
27.1%
Magical Girl Ribrianne
26.7%
Shisami
26.5%
Sidra
24.3%
% Correct
Quitela
23.1%
Mosco
22.8%
Zuno
22.8%
Belmod
22.4%
Arack
20%
Heles
19.9%
Dr. Rota
19.7%
Iwne
19.5%
Maji Kayo
18.9%
Magical Girl Rozie
18.8%
Jimeze
18.5%
Marcarita
18.1%
Geene
18.1%
Sanka Ku
17.4%
Magical Girl Kakunsa
17.4%
Su Roas
17.3%
Paparoni
17.3%
Liquiir
16.6%
Vikal
16.3%
Anilaza
16.1%
Rou
15%
Pilina
15%
Prum
14.6%
Fuwa
14.4%
Rumsshi
14.4%
Zarbuto
14.3%
Cus
14.3%
Saonel
14.1%
Mojito
14%
Ganos
14%
Hermila
13.9%
Narirama
13.8%
Khai
13.7%
Nink
13.4%
Monna
13.4%
Majora
13.1%
Rabanra
13.1%
Hop
13.1%
The Preecho
13%
Yurin
12.8%
Zirloin
12.8%
Kahseral
12.6%
Caway
12%
Sour
11.7%
Nigrisshi
11.6%
Napapa
11.6%
% Correct
Obuni
11.3%
Ea
11.3%
Lilibeu
11.3%
Shosa
11.2%
Tupper
11.2%
Kunshi
11%
Oregano
11%
Vuon
10.7%
Cocotte
10.7%
Pell
10.5%
Damom
10.5%
Shantsa
10.5%
Korn
10.4%
Cukatail
10.4%
Gamisaras
10.3%
Murichim
10.3%
Campari
10.3%
Cognac
10.3%
Awamo
10.2%
Pancea
10%
Sorrel
10%
Zoiray
9.9%
Martinu
9.8%
Hyssop
9.7%
Dercori
9.6%
Roselle
9.5%
Chappil
9.5%
Anat
9.5%
Koitsukai
9.2%
Kettol
9.2%
Jirasen
9.1%
Ugg
9%
Ill
9%
Biarra
8.9%
Jium
8.9%
Kuru
8.8%
Rubalt
8.8%
Comfrey
8.8%
Ogma
8.6%
Murisam
8.5%
Methiop
8.5%
Catopesra
8.4%
Jilcol
8.4%
Borareta
8.2%
Koichiarator
3.8%

You're not logged in!

Compare scores with friends on all Sporcle quizzes.
Sign Up with Email
OR
Log In

You Might Also Like...

Show Comments

Extras

Top Quizzes Today


Score Distribution

Your Account Isn't Verified!

In order to create a playlist on Sporcle, you need to verify the email address you used during registration. Go to your Sporcle Settings to finish the process.